Detalles MARC
| 000 -CABECERA |
| campo de control de longitud fija |
01300nas a2200253 a 4500 |
| 005 - FECHA Y HORA DE LA ÚLTIMA TRANSACCIÓN |
| campo de control |
20250925101039.0 |
| 007 - CAMPO FIJO DE DESCRIPCIÓN FÍSICA--INFORMACIÓN GENERAL |
| campo de control de longitud fija |
ta |
| 008 - DATOS DE LONGITUD FIJA--INFORMACIÓN GENERAL |
| campo de control de longitud fija |
250127e2017 dr |n|p|r||||||0| | spa d |
| 040 ## - FUENTE DE LA CATALOGACIÓN |
| Centro catalogador/agencia de origen |
DO-SdBNP |
| Centro/agencia transcriptor |
DO-SdBNP |
| Normas de descripción |
rda |
| 041 ## - CÓDIGO DE LENGUA |
| Código de lengua original |
spa |
| 110 1# - ENTRADA PRINCIPAL--NOMBRE DE ENTIDAD CORPORATIVA |
| Nombre de entidad corporativa o nombre de jurisdicción como elemento de entrada |
República Dominicana. |
| Unidad subordinada |
Ministerio de Industria Comercio y Mipymes |
| 9 (RLIN) |
78175 |
| 245 ## - MENCIÓN DE TÍTULO |
| Título |
El monitor de industria y comercio : |
| Resto del título |
01 / |
| Mención de responsabilidad, etc. |
Ministerio de Industria, Comercio y Mipymes, MICM. |
| 264 ## - PRODUCCIÓN, PUBLICACIÓN, DISTRIBUCIÓN, FABRICACIÓN Y COPYRIGHT |
| Producción, publicación, distribución, fabricación y copyright |
Santo Domingo, República Dominicana : |
| Nombre del de productor, editor, distribuidor, fabricante |
Ministerio de Industria, Comercio y Mipymes, MICM : |
| -- |
Viceministerio de Desarrollo Industrial, |
| Fecha de producción, publicación, distribución, fabricación o copyright |
2017. |
| 300 ## - DESCRIPCIÓN FÍSICA |
| Extensión |
volumen : |
| Otras características físicas |
ilustraciones, gráficas, tablas ; |
| Dimensiones |
25 cm. |
| Material acompañante/anejo |
folleto (1er. diálogo de política industrial |
| 336 ## - TIPO DE CONTENIDO |
| Término de tipo de contenido |
texto |
| Código de tipo de contenido |
txt |
| Fuente |
rdacontent |
| 337 ## - TIPO DE MEDIO |
| Nombre/término del tipo de medio |
computer |
| Código del tipo de medio |
c |
| Fuente |
rdamedia |
| 338 ## - TIPO DE SOPORTE |
| Nombre/término del tipo de soporte |
online resource |
| Código del tipo de soporte |
cr |
| Fuente |
rdacarrier |
| 362 ## - FECHAS DE PUBLICACIÓN Y/O DESIGNACIÓN SECUENCIAL |
| Fecha de publicación y/o designación secuencial |
No. 1. octubre 2017. |
| 500 ## - NOTA GENERAL |
| Nota general |
El numero 1, 0ctubre 2017. incluye un folleto acompañante en la revista. |
| 650 #0 - PUNTO DE ACCESO ADICIONAL DE MATERIA--TÉRMINO DE MATERIA |
| Término de materia o nombre geográfico como elemento de entrada |
Integración regional |
| 9 (RLIN) |
86915 |
| Subdivisión de forma |
Publicaciones seriadas |
| Subdivisión geográfica |
República Dominicana |
| 651 #0 - PUNTO DE ACCESO ADICIONAL DE MATERIA--NOMBRE GEOGRÁFICO |
| Nombre geográfico |
República Dominicana |
| Subdivisión de forma |
Publicaciones seriadas |
| Subdivisión general |
Comercio exterior |
| 9 (RLIN) |
78065 |
| 856 ## - LOCALIZACIÓN Y ACCESO ELECTRÓNICOS |
| Identificador Uniforme del Recurso |
<a href="https://opacbiblioteca.intec.edu.do/opac-tmpl/files/recursoselectronicos/MIC-El Monitor01Octubre2017.pdf">https://opacbiblioteca.intec.edu.do/opac-tmpl/files/recursoselectronicos/MIC-El Monitor01Octubre2017.pdf</a> |
| Texto de enlace |
Acceso a Texto Completo |
| 942 ## - ELEMENTOS DE PUNTO DE ACCESO ADICIONAL (KOHA) |
| Fuente del sistema de clasificación o colocación |
Dewey Decimal Classification |
| Tipo de ítem Koha |
Publicación periódica |